| 000 | 00496nam a2200181 a 4500 | ||
|---|---|---|---|
| 001 | 000021229 | ||
| 005 | 20200930011252.0 | ||
| 008 | 100902s1996 sp r 000 | spa d | ||
| 020 | _a8488490011 | ||
| 040 |
_aDO-SdBNP _bspa _cBNPHU |
||
| 082 |
_aU860.44 _bU82l |
||
| 245 | 0 | 0 | _aUruguay literario. |
| 260 |
_aMadrid, (España) : _bCasa Apuntes de América , _c1996. |
||
| 300 |
_a130 p. ; _c17 cm. |
||
| 650 | 4 |
_aLiteratura uruguaya _93054 |
|
| 650 | 4 |
_aAutores uruguayos _944372 |
|
| 049 | _aBNGR | ||
| 999 |
_c20730 _d20730 |
||